000 00333nam a2200133Ia 4500
008 220803s9999 xx 000 0 und d
041 _aeng
082 _a720
245 _aArchitectural Digest : Dec 1994
260 _aNew York
_bBenedikt Taschen
_c1994
500 _aArchitecture
520 _aWithdrawn
650 _aArchitecture
_99925
999 _c8691
_d8691